000 00564nam a2200205Ia 4500
003 OSt
005 20230427104031.0
008 210423s2013 xx 000 0 und d
020 _a9781107013131
040 _cAL
041 _aeng
082 _a820.9 CAMA
_223
100 _aPARRISH (Timothy),Ed.
_993746
245 _aCambridge companion to american novelists.
260 _aNew Delhi
_bCambridge University Press
_c2013
300 _axxxiv,328
_bPB
365 _b1911.04
_cINR
906 _aamerican ; Cambridge ; companion ; novelists.
942 _2ddc
_cBK
999 _c161767
_d161767